| 000 | 00374nam a22001457a 4500 | ||
|---|---|---|---|
| 003 | OSt | ||
| 005 | 20170105103446.0 | ||
| 008 | 131203t xxu||||| |||| 00| 0 eng d | ||
| 020 | _a978-1-4160-0287-1 | ||
| 040 | _cASAB | ||
| 100 |
_aRichard A. McPherson _9371 |
||
| 245 | _aHenry's Clinical Diagnosis and Management by Laboratory Methods | ||
| 250 | _a21st Ed | ||
| 942 |
_2ddc _cBK |
||
| 999 |
_c16641 _d16641 |
||